00351nam a2200121Ia 4500008004100000082002000041100001700061245001800078260003900096300000800135630003300143650005300176211118s9999||||xx |||||||||||||| ||und|| a894.8123bMUK-C aM, Mukundhan 0aCharli Master bPoorna PublicationsaCalicutc1993 a86p xMalayalam NovelGeneral Stack aMalayalam LiteraturevMalayalam FictionMalayalam